Loading...

Rakta chaap /

Bibliografiske detaljer
Hovedforfatter: Ramesh Bakshi
Format: Printed Book
Sprog:Hindi
Udgivet: Sanmarg Prakasan , 1983.
Fag:
LEADER 00490nam a2200157Ia 4500
008 150624b xxu||||| |||| 00| 1 hin d
082 |a 863.713R2 
100 |a Ramesh Bakshi 
245 |c Ramesh Bakshi  |a Rakta chaap / 
260 |b Sanmarg Prakasan ,  |c 1983. 
300 |a 108 p. 
546 |a In Hindi. 
650 |v Fiction 
942 |c BK 
999 |c 93533  |d 93533 
952 |0 0  |1 0  |4 0  |6 863_000000000000000_713R2_RAK_H  |7 0  |9 93475  |a UL  |b UL  |c ST2  |d 2012-10-27  |l 0  |o 863.713R2 RAK H  |p G4639  |r 2012-10-27  |w 2012-10-27  |y BK